[Event "ROM-ch U14"]
[Site "Mamaia"]
[Date "2021.04.11"]
[Round "7"]
[White "Soare, Andrei"]
[Black "Derevenciuc, Dragos Cristian"]
[Result "1/2-1/2"]
[WhiteElo "1155"]
[BlackElo "1221"]
[PlyCount "79"]
[EventDate "2021.04.07"]
[EventType "swiss"]
[EventRounds "9"]
[EventCountry "ROU"]
[SourceTitle "EXT 2022"]
[Source "ChessBase"]
[SourceDate "2021.10.06"]
[SourceVersion "1"]
[SourceVersionDate "2021.10.06"]
[SourceQuality "1"]

1. e4 e5 2. Nf3 Nc6 3. d4 exd4 4. Nxd4 Nxd4 5. Qxd4 d6 6. Bc4 Nf6 7. Bg5 Be7 8. 0-0 0-0 9. Nc3 Ng4 10. Bxe7 Qxe7 11. Nd5 Qh4 12. h3 Ne5 13. Qc3 Be6 14. f3 c6 15. Ne3 Bxc4 16. Nxc4 Nxc4 17. Qxc4 d5 18. Qd3 Rfd8 19. Rad1 dxe4 20. Qxe4 Qf6 21. Qb4 b6 22. Rfe1 c5 23. Qb5 Kf8 24. Rd7 Rxd7 25. Qxd7 Qd8 26. Rd1 Qe7 27. Qxe7+ Kxe7 28. Kf2 Ke6 29. Ke3 b5 30. g4 a5 31. Ke4 Ra7 32. Rd5 Rc7 33. f4 g6 34. f5+ gxf5+ 35. gxf5+ Ke7 36. Kf4 f6 37. Kg4 a4 38. a3 b4 39. axb4 cxb4 40. Rd4 1/2-1/2

[Event "ROM-ch U12"]
[Site "Calimanesti Caciulata"]
[Date "2019.04.22"]
[Round "9"]
[White "Derevenciuc, Dragos Cristian"]
[Black "Craciun, Sasha Matei"]
[Result "1/2-1/2"]
[WhiteElo "1140"]
[BlackElo "1433"]
[PlyCount "74"]
[EventDate "2019.04.15"]
[EventType "swiss"]
[EventRounds "9"]
[EventCountry "ROU"]
[SourceTitle "CBM 190 Extra"]
[Source "ChessBase"]
[SourceDate "2019.07.15"]
[SourceVersion "1"]
[SourceVersionDate "2019.07.15"]
[SourceQuality "1"]

1. d4 g6 2. c4 Bg7 3. e3 d6 4. Bd3 Nf6 5. h3 0-0 6. Nf3 Nbd7 7. 0-0 e5 8. Nc3 Re8 9. Qc2 b6 10. b3 Bb7 11. Be2 h6 12. Bb2 Nh7 13. d5 Ng5 14. Nxg5 Qxg5 15. Ne4 Qe7 16. Nd2 a5 17. e4 Kh7 18. Bg4 Bc8 19. Bxd7 Bxd7 20. Nf3 Qf6 21. Qd3 Kh8 22. Rfe1 g5 23. Qe3 Rg8 24. Nh2 Bf8 25. Qf3 Be7 26. Qxf6+ Bxf6 27. Re3 Kg7 28. Rg3 Kh7 29. Rf3 Kg6 30. g4 Be7 31. Nf1 Rae8 32. Ng3 Rh8 33. Nh5 Ra8 34. a4 Rhf8 35. Ng3 Rae8 36. Rd1 Rg8 37. Rdd3 Ref8 1/2-1/2

[Event "ROM-ch U12"]
[Site "Calimanesti Caciulata"]
[Date "2019.04.20"]
[Round "7"]
[White "Neghiu, Cristian Andrei"]
[Black "Derevenciuc, Dragos Cristian"]
[Result "1-0"]
[WhiteElo "1800"]
[BlackElo "1140"]
[PlyCount "105"]
[EventDate "2019.04.15"]
[EventType "swiss"]
[EventRounds "9"]
[EventCountry "ROU"]
[SourceTitle "CBM 190 Extra"]
[Source "ChessBase"]
[SourceDate "2019.07.15"]
[SourceVersion "1"]
[SourceVersionDate "2019.07.15"]
[SourceQuality "1"]

1. d4 Nf6 2. Nf3 e6 3. Bf4 Nc6 4. e3 a6 5. c3 Be7 6. Nbd2 0-0 7. h3 b6 8. Bd3 Bb7 9. e4 d6 10. Qe2 a5 11. 0-0-0 a4 12. g4 a3 13. b3 Na5 14. Rdg1 c5 15. Bc2 Ba6 16. Qe1 Nc6 17. Qe3 cxd4 18. Nxd4 Nxd4 19. cxd4 Rc8 20. Kb1 Bb7 21. f3 Ba6 22. Rc1 Qd7 23. Bd3 Bxd3+ 24. Qxd3 Rxc1+ 25. Rxc1 Rc8 26. Rxc8+ Qxc8 27. Qc4 Qb7 28. Qb4 d5 29. Bd6 Bxd6 30. Qxd6 h6 31. e5 Ne8 32. Qxa3 f6 33. f4 Qf7 34. b4 fxe5 35. fxe5 Qg6+ 36. Kb2 Qg5 37. Qd3 b5 38. Nf3 Qf4 39. Qxb5 Qxf3 40. Qxe8+ Kh7 41. Qxe6 Qe2+ 42. Ka3 Qd3+ 43. Ka4 Qd1+ 44. Ka5 Qxd4 45. Qf5+ Kh8 46. Qc8+ Kh7 47. Qc7 Qb2 48. a4 Qe2 49. Qd6 Qc4 50. e6 d4 51. e7 d3 52. Qd8 Qc5+ 53. b5 1-0

[Event "ROM-ch U12"]
[Site "Calimanesti Caciulata"]
[Date "2019.04.18"]
[Round "5"]
[White "Pitulice, Lucas Andrei"]
[Black "Derevenciuc, Dragos Cristian"]
[Result "1/2-1/2"]
[WhiteElo "1003"]
[BlackElo "1140"]
[PlyCount "49"]
[EventDate "2019.04.15"]
[EventType "swiss"]
[EventRounds "9"]
[EventCountry "ROU"]
[SourceTitle "CBM 190 Extra"]
[Source "ChessBase"]
[SourceDate "2019.07.15"]
[SourceVersion "1"]
[SourceVersionDate "2019.07.15"]
[SourceQuality "1"]

1. d4 Nf6 2. Nf3 e6 3. Bf4 Be7 4. e3 0-0 5. Bd3 Nc6 6. c3 b6 7. 0-0 Bb7 8. Nbd2 d6 9. Qc2 h6 10. Rfe1 Qd7 11. e4 Kh8 12. h3 Rad8 13. e5 Nd5 14. Bh2 Rfe8 15. Nc4 Ba6 16. Qd2 Bxc4 17. Bxc4 Na5 18. Bd3 c5 19. Qe2 Nc7 20. exd6 Bxd6 21. Ne5 Bxe5 22. Qxe5 Nd5 23. Qe2 Qe7 24. Qe4 Nf6 25. Qe3 1/2-1/2

[Event "ROM-ch U12"]
[Site "Calimanesti"]
[Date "2018.04.01"]
[Round "7"]
[White "Derevenciuc, Dragos Cristian"]
[Black "Mindreci, Ioan Cristian"]
[Result "1-0"]
[WhiteElo "1120"]
[BlackElo "1126"]
[PlyCount "35"]
[EventDate "2018.03.27"]
[EventType "swiss"]
[EventRounds "9"]
[EventCountry "ROU"]
[SourceTitle "CBM 183 Extra"]
[Source "ChessBase"]
[SourceDate "2018.04.19"]
[SourceVersion "1"]
[SourceVersionDate "2018.04.19"]
[SourceQuality "1"]

1. e4 c5 2. Nf3 g6 3. d4 b6 4. d5 Nf6 5. Bd3 e6 6. c4 Bb7 7. Bg5 Bg7 8. 0-0 0-0 9. e5 exd5 10. cxd5 Bxd5 11. Nc3 h6 12. exf6 Bxf3 13. Qxf3 Nc6 14. fxg7 Nd4 15. gxf8Q+ Qxf8 16. Qg3 hxg5 17. Qxg5 Ne6 18. Qg4 1-0

[Event "ROM-ch U10"]
[Site "Baile Felix"]
[Date "2017.02.07"]
[Round "7"]
[White "Szegedy, Matyas"]
[Black "Derevenciuc, Dragos Cristian"]
[Result "1-0"]
[WhiteElo "1196"]
[BlackElo "1091"]
[PlyCount "127"]
[EventDate "2017.02.02"]
[EventType "swiss"]
[EventRounds "9"]
[EventCountry "ROU"]
[SourceTitle "CBM 176 Extra"]
[Source "ChessBase"]
[SourceDate "2017.03.02"]
[SourceVersion "1"]
[SourceVersionDate "2017.03.02"]
[SourceQuality "1"]

1. e4 e5 2. Nf3 Nc6 3. Nc3 Bc5 4. Nxe5 Nxe5 5. d4 Bb6 6. dxe5 Qe7 7. Bc4 Qxe5 8. 0-0 Nf6 9. Bb3 0-0 10. Re1 d6 11. h3 Ba5 12. Qd3 Bxc3 13. Qxc3 Qxc3 14. bxc3 Re8 15. f3 d5 16. e5 Nd7 17. Bxd5 c6 18. Bb3 Rxe5 19. Bf4 Rxe1+ 20. Rxe1 Nf6 21. Re7 Bf5 22. Rxb7 Bg6 23. Rb8+ Rxb8 24. Bxb8 a6 25. c4 Nd7 26. Bd6 f6 27. c5+ Bf7 28. Kf2 Bxb3 29. cxb3 Kf7 30. Ke3 Ke6 31. Ke4 f5+ 32. Kd4 g6 33. b4 h5 34. a3 Nf6 35. h4 Nd5 36. g3 Nf6 37. Kc4 Ne8 38. Bf4 Nf6 39. a4 Nd7 40. b5 axb5+ 41. axb5 cxb5+ 42. Kxb5 Nxc5 43. Kxc5 Kf7 44. Kd6 Kf6 45. Bg5+ Kf7 46. Kd7 Kf8 47. Ke6 Kg7 48. Ke7 Kg8 49. Kf6 Kh7 50. Kf7 Kh8 51. Kxg6 Kg8 52. Kxf5 Kf7 53. g4 hxg4 54. fxg4 Kg7 55. Bf6+ Kh7 56. g5 Kg8 57. g6 Kf8 58. g7+ Kg8 59. Bd4 Kh7 60. Kf6 Kg8 61. Ke7 Kh7 62. Kf7 Kh6 63. g8Q Kh5 64. Qg5# 1-0

[Event "ROM-ch U08"]
[Site "Calimanesti"]
[Date "2015.04.01"]
[Round "3"]
[White "Petrescu, Tudor"]
[Black "Derevenciuc, Dragos Cristian"]
[Result "1-0"]
[WhiteElo "1179"]
[BlackElo "1001"]
[PlyCount "37"]
[EventDate "2015.03.30"]
[EventType "swiss"]
[EventRounds "9"]
[EventCountry "ROU"]
[SourceTitle "CBM 165 Extra"]
[Source "ChessBase"]
[SourceDate "2015.04.21"]
[SourceVersion "1"]
[SourceVersionDate "2015.04.21"]
[SourceQuality "1"]

1. e4 e5 2. Nf3 Nc6 3. d4 exd4 4. Bc4 Bb4+ 5. c3 dxc3 6. 0-0 cxb2 7. Bxb2 Nf6 8. a3 Nxe4 9. axb4 Nxb4 10. Re1 Qe7 11. Bxg7 Rg8 12. Bc3 Qg5 13. Rxe4+ Kf8 14. Bxb4+ Kg7 15. Nxg5 Kh6 16. Nxf7+ Kg6 17. Ne5+ Kf5 18. Qf3+ Kg5 19. Bd2# 1-0